<?xml version="1.0" encoding="UTF-8"?><?xml-stylesheet type="text/xsl" href="static/style.xsl"?><OAI-PMH xmlns="http://www.openarchives.org/OAI/2.0/" xmlns:xsi="http://www.w3.org/2001/XMLSchema-instance" xsi:schemaLocation="http://www.openarchives.org/OAI/2.0/ http://www.openarchives.org/OAI/2.0/OAI-PMH.xsd"><responseDate>2026-04-27T21:40:19Z</responseDate><request verb="GetRecord" identifier="oai:uvadoc.uva.es:10324/33433" metadataPrefix="marc">https://uvadoc.uva.es/oai/request</request><GetRecord><record><header><identifier>oai:uvadoc.uva.es:10324/33433</identifier><datestamp>2025-03-26T19:10:04Z</datestamp><setSpec>com_10324_1186</setSpec><setSpec>com_10324_931</setSpec><setSpec>com_10324_894</setSpec><setSpec>com_10324_28542</setSpec><setSpec>com_10324_952</setSpec><setSpec>col_10324_1404</setSpec><setSpec>col_10324_28543</setSpec></header><metadata><record xmlns="http://www.loc.gov/MARC21/slim" xmlns:doc="http://www.lyncode.com/xoai" xmlns:xsi="http://www.w3.org/2001/XMLSchema-instance" xmlns:dcterms="http://purl.org/dc/terms/" xsi:schemaLocation="http://www.loc.gov/MARC21/slim http://www.loc.gov/standards/marcxml/schema/MARC21slim.xsd">
<leader>00925njm 22002777a 4500</leader>
<datafield tag="042" ind1=" " ind2=" ">
<subfield code="a">dc</subfield>
</datafield>
<datafield tag="720" ind1=" " ind2=" ">
<subfield code="a">Chico Robles, Rubén</subfield>
<subfield code="e">author</subfield>
</datafield>
<datafield tag="720" ind1=" " ind2=" ">
<subfield code="a">Domingo de la Rubia, Estela de</subfield>
<subfield code="e">author</subfield>
</datafield>
<datafield tag="720" ind1=" " ind2=" ">
<subfield code="a">Domínguez, Cristina</subfield>
<subfield code="e">author</subfield>
</datafield>
<datafield tag="720" ind1=" " ind2=" ">
<subfield code="a">Donnio, Bertrand</subfield>
<subfield code="e">author</subfield>
</datafield>
<datafield tag="720" ind1=" " ind2=" ">
<subfield code="a">Heinrich, Benoît</subfield>
<subfield code="e">author</subfield>
</datafield>
<datafield tag="720" ind1=" " ind2=" ">
<subfield code="a">Termine, Roberto</subfield>
<subfield code="e">author</subfield>
</datafield>
<datafield tag="720" ind1=" " ind2=" ">
<subfield code="a">Golemme, Attilio</subfield>
<subfield code="e">author</subfield>
</datafield>
<datafield tag="720" ind1=" " ind2=" ">
<subfield code="a">Coco Cea, Silverio</subfield>
<subfield code="e">author</subfield>
</datafield>
<datafield tag="720" ind1=" " ind2=" ">
<subfield code="a">Espinet Rubio, Pablo</subfield>
<subfield code="e">author</subfield>
</datafield>
<datafield tag="260" ind1=" " ind2=" ">
<subfield code="c">2017</subfield>
</datafield>
<datafield tag="520" ind1=" " ind2=" ">
<subfield code="a">This paper reports the synthesis, liquid crystal behavior, and charge-transport properties in the mesophase of isocyano-triphenylene gold, copper, palladium, and platinum complexes [MX(CNR)] (CNR = 2-(6-(4-isocyanophenoxy)hexyloxy)-3,6,7,10,11-pentakisdodecyloxytriphenylene; M = Au, X = Cl, C6F5, C6F4OC10H21, CN; M = Cu, X = Cl), [(μ-4,4′-C6F4C6F4){Au(CNR)}2], [(μ-Cl2){Cu(CNR)2}2], and [MX2(CNR)2] (M = Pd, Pt; X = Cl, Br, I, and M = Pt, X = CN). The thermal and electronic properties of these materials are modulated by the metal fragment. The complexes that display columnar mesomorphism are those that support more than one triphenylene per molecule or those that produce a similar effect by dipole–dipole interactions between the metal groups. These circumstances improve the balance of favorable enthalpic interactions versus unfavorable entropic contributions into a columnar stacking. Hybrid inorganic/organic dual columnar mesophases with high SCLC hole mobility along the columnar stacking, above 1 cm2 V–1 s–1, have been found. It is worth noting that the dicyanoplatinum complex displays mesophase phosphorescence based on Pt···Pt interactions.</subfield>
</datafield>
<datafield tag="024" ind2=" " ind1="8">
<subfield code="a">Chemistry of Materials, 2017, 29 (17), pp 7587–7595</subfield>
</datafield>
<datafield tag="024" ind2=" " ind1="8">
<subfield code="a">0897-4756</subfield>
</datafield>
<datafield tag="024" ind2=" " ind1="8">
<subfield code="a">http://uvadoc.uva.es/handle/10324/33433</subfield>
</datafield>
<datafield tag="024" ind2=" " ind1="8">
<subfield code="a">10.1021/acs.chemmater.7b02922</subfield>
</datafield>
<datafield tag="245" ind1="0" ind2="0">
<subfield code="a">High One-Dimensional Charge Mobility in Semiconducting Columnar Mesophases of Isocyano-Triphenylene Metal Complexes</subfield>
</datafield>
</record></metadata></record></GetRecord></OAI-PMH>